000 00415nam a2200181Ia 4500
008 240510s9999 xx 000 0 und d
020 _a9781408810583
041 _aEng
082 _a823
082 _bR58
100 _aROWLING ,J.K.
245 0 _aHarry Potter and the Half-Blood Prince
260 _bLondon:Bloomsbury Publishing Plc
260 _c2005
300 _a607 p.
942 _2ddc
942 _cLC
999 _c28793
_d28793
945 _a1
_bMadushi Gamage
_c1
_dMadushi Gamage